Capacidades institucionales para el desarrollo humano : conceptos, índices y políticas públicas /

Guardat en:
Dades bibliogràfiques
Autor principal: Gómez Alvarez, David (coordinación)
Format: Llibre
Idioma:espanyol
Publicat: México : Guadalajara, México : Congreso de la Unión, Cámara de Diputados, LIX Legislatura : ONU, Programa de las Naciones Unidas para el Desarrollo ; Universidad de Guadalajara, 2010, c2010
Col·lecció:(Conocer para Decidir. Políticas Públicas)
Matèries:
Etiquetes: Afegir etiqueta
Sense etiquetes, Sigues el primer a etiquetar aquest registre!

MARC

LEADER 00000nam^a2200000^a^4500
001 000305297
005 20250521000000.0
009 20260310112743.323
020 |a 978-607-401-279-8 
037 |a Acervo ITESO - Biblioteca 
041 |a ESP 
082 |a 320. 97207  |b GOM 
100 |a Gómez Alvarez, David  |e (coordinación) 
245 1 0 |a Capacidades institucionales para el desarrollo humano :  |b conceptos, índices y políticas públicas /  |c Coord. y pref. de D. Gómez Alvarez. 
264 4 |a México :  |b Congreso de la Unión, Cámara de Diputados, LIX Legislatura :  |b ONU, Programa de las Naciones Unidas para el Desarrollo ;  |a Guadalajara, México :  |b Universidad de Guadalajara,  |c 2010, c2010 
300 |a 658 p. 
336 |a texto  |b txt  |2 rdacontenido 
337 |a sin mediación  |b n  |2 rdamedio 
338 |a volumen  |b nc  |2 rdasoporte 
440 1 |a (Conocer para Decidir.  |p Políticas Públicas) 
649 |a XX 
650 |a Igualdad y Desigualdad -  |z Jalisco 
650 |a Igualdad y Desigualdad -  |z México 
650 |a Problemas Sociales -  |z Jalisco 
650 |a Problemas Sociales -  |z México 
650 |a Desarrollo Político -  |z Jalisco 
650 |a Desarrollo Político -  |z México 
650 |a Desarrollo Económico-Social -  |z Jalisco 
650 |a Desarrollo Económico-Social -  |z México -  |x Tema Principal 
650 |a Economía -  |z Jalisco -  |x Historia -  |y Siglo XXI 
650 |a Economía -  |z México -  |x Historia -  |y Siglo XXI 
650 |a Política Municipal -  |z Jalisco -  |x Historia -  |y Siglo XXI 
650 |a Política Municipal -  |z México -  |x Historia -  |y Siglo XXI 
650 |a Administración Pública -  |z Jalisco -  |x Historia -  |y Siglo XXI 
650 |a Administración Pública -  |z México -  |x Historia -  |y Siglo XXI -  |x Tema Principal 
650 |a Política -  |z Jalisco -  |x Historia -  |y Siglo XXI 
650 |a Política -  |z México -  |x Historia -  |y Siglo XXI 
650 |a Jalisco -  |x Condiciones Económicas 
650 |a Jalisco -  |x Condiciones Políticas 
650 |a México -  |x Condiciones Económicas 
650 |a México -  |x Condiciones Políticas 
910 |a Fondo General 
920 |a Impresos - Libros 
930 |a Colección General 
905 |a 101 
901 |a 0500191491  |b IT1  |c ACC  |i D54151  |u 20250521 
902 |a https://opac.biblio.iteso.mx/vufind/Record/000305297